Schwanda, der Dudelsackpfeifer Volksoper in 2 Akten von Miloš Kareš : Piano solo /

Main Author: Weinberger, Jaromír, 1896-1967
Other Authors: Kareš, Miloš, 1891-1944, Blasser, Gustav, 1857-1942
Language: No linguistic content
Published: Wien : Universal-Edition, 1938
Series: Universal-Edition
Physical Description: 4 s.
Musical Score Musical Score
Saved in:
LEADER 00977ncm a22002652a 4500
001 001231842
003 CZ BrMZK
005 20120718105832.0
007 qu
008 110414s1938 au |||||||||||||||||zxx d
040 |a BOA001  |b cze 
072 7 |a 786  |x Hudba pro klávesové nástroje  |2 Konspekt  |9 9 
100 1 |a Weinberger, Jaromír,  |d 1896-1967  |7 jk01151486  |4 cmp 
245 1 0 |a Schwanda, der Dudelsackpfeifer  |h [hudebnina] :  |b Volksoper in 2 Akten von Miloš Kareš : Piano solo /  |c Jaromír Weinberger ; arr. von Gustav Blasser 
260 |a Wien :  |b Universal-Edition,  |c 1938 
300 |a 4 s. 
490 1 |a Universal-Edition ;  |v Nr. 9693 
505 0 0 |t Polka 
700 1 |a Kareš, Miloš,  |d 1891-1944  |7 jk01053016  |4 lbt 
700 1 |a Blasser, Gustav,  |d 1857-1942  |7 ola2008474806  |4 arr 
830 0 |a Universal-Edition 
910 |a BOA001  |b Mus4-0419.274 
990 |a MU 
991 |b 201207 
996 6 |b 2619054882  |c Mus4-0419.274  |l MZK  |r Sklad / do 1 hodiny  |n 0  |w 001265626  |u 000010  |a 1  |e BOA001  |j MZK50  |s P